| 000 | 01405nam a2200241Ia 4500 | ||
|---|---|---|---|
| 999 |
_c56578 _d56578 |
||
| 001 | 23692 | ||
| 003 | GE_BSU | ||
| 005 | 20260313172000.0 | ||
| 008 | 181216s1966||||ge |||||||||||||| ||geo|| | ||
| 040 | _cGE_BSU | ||
| 041 | _ageo | ||
| 080 | _a632.51(479.22)(075.8) ქ-43 | ||
| 100 |
_aქეშელაშვილი, გრიგოლ _927138 |
||
| 245 |
_aსაქართველოს სარეველა მცენარეულობა და მასთან ბრძოლის საშუალებები : _b [დამხმ. სახელმძღვ. სას.-სამ. ინ-ტის სტუდენტებისათვის] / _cგრიგოლ ქეშელაშვილი ; რედ. ი. ჯაში. |
||
| 264 |
_aთბილისი : _bგანათლება, _c1966. |
||
| 300 |
_a20 1გვ. : _bილ. და ცხრილ. ; _c22 სმ. |
||
| 504 | _aბიბლიოგრაფია გვ. 198-200 | ||
| 541 | _h5 ლ. | ||
| 653 | _aსაქართველოს სარეველა მცენარეები | ||
| 653 | _aსაქართველოს სარეველა მცენარეულობა და მასთან ბრძოლის საშუალებები | ||
| 700 |
_aჯაში, ი. _eრედაქტორი _926158 |
||
| 942 |
_cBK _2udc |
||